000 00953nam a2200445Ia 4500
001 12303
003 24032
005 20240715172753.0
008 ||||||n9999 ||| || ||
041 _aspa
082 _219
_a98686135
110 _aInstituto Geográfico Agustín Codazzi
_9183276
245 0 _aMonografia del departamento de Caldas
260 _aBogotá :
_bGEOGR,
_c1974.
300 _a188p
562 _e1
650 _aMONOGRAFIA
_99017
651 0 _aCALDAS (COLOMBIA)
_9149375
942 _cBKM
999 _c12303
_d12303
526 _a
526 _a17598
526 _a102617
526 _a102618
526 _a15794
526 _a102619
526 _a1703
526 _a102620
526 _a10406
526 _a105630
526 _a1698
526 _a116204
526 _a51868
526 _a4969
526 _a19790
526 _a104436
526 _a5144
526 _a1697
526 _a3899
526 _a9683